Success in marriage. (Record no. 14644)

000 -LEADER
fixed length control field 00525nam a2200181 a 4500
001 - CONTROL NUMBER
control field :::00012477$&:&@@
003 - CONTROL NUMBER IDENTIFIER
control field OkBaRHE
005 - DATE AND TIME OF LATEST TRANSACTION
control field 20000607103419.0
008 - FIXED-LENGTH DATA ELEMENTS--GENERAL INFORMATION
fixed length control field s1958 j 000 0 eng u
040 ## - CATALOGING SOURCE
Transcribing agency
100 1# - MAIN ENTRY--PERSONAL NAME
Personal name Mace, David Robert.
245 10 - TITLE STATEMENT
Title Success in marriage.
260 ## - PUBLICATION, DISTRIBUTION, ETC. (IMPRINT)
Place of publication, distribution, etc Nashville, TN., :
Name of publisher, distributor, etc Abingdon Press
Date of publication, distribution, etc c1958
300 ## - PHYSICAL DESCRIPTION
Extent 158 p. ;
Dimensions 19 cm.
650 ## - SUBJECT ADDED ENTRY--TOPICAL TERM
Topical term or geographic name as entry element Marriage
942 ## - ADDED ENTRY ELEMENTS (KOHA)
Source of classification or shelving scheme
Koha item type Books
Copies
Price effective from Shelving location Permanent Location Not for loan Source of classification or shelving scheme Barcode Lost status Damaged status Full call number Withdrawn status Date acquired Koha item type Date last seen Copy number
2010-04-14General StacksRHEMA Bible Training College  12477  HQ 734 .M1844 2010-04-14Books2010-04-141